Electronic commerce : A conversation with Ira Magaziner ; Humanitarian demining ; Sustainable development

Gorde:
Xehetasun bibliografikoak
Formatua: Liburua
Hizkuntza:Undetermined
Argitaratua: United States United States Information Agency 1998
Gaiak:
Etiketak: Etiketa erantsi
Etiketarik gabe, Izan zaitez lehena erregistro honi etiketa jartzen!
Thư viện lưu trữ: Trung tâm Học liệu Trường Đại học Cần Thơ
LEADER 00533nam a2200169Ia 4500
001 CTU_42545
008 210402s9999 xx 000 0 und d
082 |a 300.2 
082 |b E38 
245 0 |a Electronic commerce : 
245 2 |b A conversation with Ira Magaziner ; Humanitarian demining ; Sustainable development 
260 |a United States 
260 |b United States Information Agency 
260 |c 1998 
650 |a Sociology 
904 |i Nguyễn Quang Điền 
980 |a Trung tâm Học liệu Trường Đại học Cần Thơ